| 000 | 00532nam a2200193Ia 4500 | ||
|---|---|---|---|
| 005 | 20250508151705.0 | ||
| 008 | 008 250505s9999 xx 000 0 hin d | ||
| 037 | _aTextual | ||
| 040 |
_aFEDL _beng _cFEDL |
||
| 041 |
_ahin _2eng |
||
| 084 |
_a181.4, VIV _qFEDL |
||
| 245 | 0 | _aViveka Nand ji ki kathayain | |
| 250 | _a2nd | ||
| 260 |
_aNagpur, India _bNagpur Sri Ram Krishan Ashram India |
||
| 300 | _a230p. | ||
| 650 |
_aOriental Philosophy _9755543 |
||
| 942 |
_cTEXL _h181.4, VIV |
||
| 999 |
_c1331461 _d1331461 |
||